Lucas Cranach the Elder : art and devotion of the German Reformation /

Bibliographic Details
Main Author: Noble, Bonnie
Format: Book
Language:English
Published: Lanham, Md. : University Press Of America, 2009.
Subjects:

MARC

Tag First Indicator Second Indicator Subfields
LEADER 00000cam a2200000Ia 4500
001 in00002487721
005 20151110102736.0
008 080924s2009 mdua b 001 0 eng d
010 |a  2008943387 
020 |a 076184337X (cloth bound) 
020 |a 9780761843375 (cloth bound) 
020 |a 9780761843382 (pbk.) 
020 |a 0761843388 (pbk.) 
029 1 |a CDX  |b 8813046 
029 1 |a CDX  |b 8813047 
029 1 |a BWX  |b R7776324 
029 1 |a BWX  |b R9775494 
035 |a (OCoLC)ocn256530181 
035 |a (OCoLC)256530181 
040 |a YDXCP  |c YDXCP  |d BTCTA  |d SNN  |d CDX  |d BWX  |d UtOrBLW 
043 |a e-gw--- 
049 |a TXAM 
050 4 |a N6888.C72  |b N62 2009 
082 0 4 |a 760/.092  |2 22 
100 1 |a Noble, Bonnie. 
245 1 0 |a Lucas Cranach the Elder :  |b art and devotion of the German Reformation /  |c Bonnie Noble. 
264 1 |a Lanham, Md. :  |b University Press Of America,  |c 2009. 
300 |a viii, 227 pages :  |b illustrations ;  |c 24 cm. 
336 |a text  |b txt  |2 rdacontent 
337 |a unmediated  |b n  |2 rdamedia 
338 |a volume  |b nc  |2 rdacarrier 
504 |a Includes bibliographical references (pages 201-218) and index. 
600 1 0 |a Cranach, Lucas,  |d 1472-1553  |x Criticism and interpretation. 
650 0 |a Reformation and art  |z Germany. 
650 0 |a Art and religion. 
650 0 |a Art  |z Germany  |y 16th century. 
938 |a YBP Library Services  |b YANK  |n 2878442 
938 |a Baker and Taylor  |b BTCP  |n BK0007953438 
938 |a Coutts Information Services  |b COUT  |n 8813047 
938 |a Blackwell Book Service  |b BBUS  |n R9775494  |c $60.00 
945 |a PromptCat  |b 692779 
946 |a stk 
947 |a A14839843246 
994 |a 92  |b TXA 
948 |a cataloged  |b h  |d 2009/5/8  |h c  |e asalazar  |f 4:49:25 pm 
999 |a MARS 
999 f f |s 219c3e60-df82-3c4d-baa7-606c41858afc  |i b53c15be-dd6b-37a8-802c-0559bd492a8a  |t 0 
952 f f |p normal  |a Texas A&M University  |b College Station  |c Sterling C. Evans Library  |d Evans: Library Stacks  |t 0  |e N6888.C72 N62 2009  |h Library of Congress classification  |i unmediated -- volume  |m A14839843246 
998 f f |a N6888.C72 N62 2009  |t 0  |l Evans: Library Stacks